¿ Contribuye la investigación social a la toma de decisiones? (Record no. 65013)

MARC details
000 -CABECERA
campo de control de longitud fija 00614nam a2200205 a 4500
005 - FECHA Y HORA DE LA ÚLTIMA TRANSACCIÓN
campo de control 20230323063519.0
008 - ELEMENTOS DE LONGITUD FIJA--INFORMACIÓN GENERAL
campo de control de longitud fija 991125n 000 0 u
035 ## - NÚMERO DE CONTROL DEL SISTEMA
Número de control de sistema UPN01000069546
100 1# - ASIENTO PRINCIPAL--NOMBRE PERSONAL
Nombre de persona Brunner Ried, José Joaquín,
Fechas asociadas al nombre 1944-
9 (RLIN) 31776
222 ## - TÍTULO CLAVE
Título clave REVISTA COLOMBIANA DE EDUCACION
245 ## - MENCIÓN DE TÍTULO
Título ¿ Contribuye la investigación social a la toma de decisiones?
300 ## - DESCRIPCIÓN FÍSICA
Extensión 7-22
362 0# - FECHAS DE PUBLICACIÓN Y/O DESIGNACIÓN SECUENCIAL
Fecha de publicación y/o designación secuencial 1993 No. 27, jul.-dic.
653 0# - TERMINO DE INDIZACION - NO CONTROLADO
Término no controlado DESARROLLO SOCIAL
653 0# - TERMINO DE INDIZACION - NO CONTROLADO
Término no controlado INVESTIGACION EDUCATIVA
653 0# - TERMINO DE INDIZACION - NO CONTROLADO
Término no controlado INVESTIGACION SOCIAL
653 0# - TERMINO DE INDIZACION - NO CONTROLADO
Término no controlado TOMA DE DECISIONES
904 ## - ELEMENTOS DE DATOS D LOCAL, LDD (RLIN)
a AC
b 007357
905 ## - TIPO DE MATERIAL
Tipo de material Articulo

No items available.